Objective question bank and glossary in environmental studies / (Record no. 28733)

MARC details
000 -LEADER
fixed length control field 00923nam a22002414a 4500
005 - DATE AND TIME OF LATEST TRANSACTION
control field 20090728135143.0
008 - FIXED-LENGTH DATA ELEMENTS--GENERAL INFORMATION
fixed length control field 081206s2009 ii b 001 0 eng
010 ## - LCCN (DPL NO)
LC control number ENG-94581
020 ## - INTERNATIONAL STANDARD BOOK NUMBER
International Standard Book Number 9788178001869
Terms of availability 150.00
035 ## - SYSTEM CONTROL NUMBER
System control number EN-78114
037 ## - SOURCE OF ACQUISITION
Source of stock number/acquisition DBAD / PUB
040 ## - CATALOGING SOURCE
Original cataloging agency dpl
Language of cataloging English
082 ## - DEWEY DECIMAL CLASSIFICATION NUMBER
Classification number 333.7
100 ## - MAIN ENTRY--PERSONAL NAME
Personal name Vidya Sogar, G.
245 ## - TITLE STATEMENT
Title Objective question bank and glossary in environmental studies /
Statement of responsibility, etc by G. Vidya Sagar and Prabhu Prasadini
260 ## - PUBLICATION, DISTRIBUTION, ETC. (IMPRINT)
Place of publication, distribution, etc Hyderabad
Name of publisher, distributor, etc BS Publications
Date of publication, distribution, etc 2009
270 ## - ADDRESS
Address 4-4-309, Giriraj Lane, Sultan Bazar,
City Hyderabad
Postal code 500095
300 ## - PHYSICAL DESCRIPTION
Extent x, 343p.
Dimensions 25cm(pbk)
500 ## - GENERAL NOTE
General note Includes glossary
700 ## - ADDED ENTRY--PERSONAL NAME
Personal name Prasadini, Prabhu
942 ## - ADDED ENTRY ELEMENTS (KOHA)
Source of classification or shelving scheme Dewey Decimal Classification
Item type English Books
Call number suffix VID
Classification part 333.7
Holdings
Withdrawn status Lost status Source of classification or shelving scheme Damaged status Not for loan Collection code Home library Current library Date acquired Source of acquisition Cost, normal purchase price Total Checkouts Full call number Barcode Date last seen Copy number Cost, replacement price Koha item type
    Dewey Decimal Classification   Not For Loan Non-fiction D.B.Act.Division D.B.Act.Division 28/07/2009 DBAD / PUB 150.00   333.7 VID EN-78114 28/07/2009 1 150.00 English Books

© Delhi Public Library
Hit Counter
free hit counter